Технология машиностроения Учебник
В учебнике рассмотрены основные положения и принципы проектирования технологических процессов изготовления деталей и сборки узлов и машин. Освещены вопросы выбора организационной формы сборки технологичности конструкции деталей и сборочных единиц разработки технологических операций нормирования техн...
محفوظ في:
| المؤلف الرئيسي: | |
|---|---|
| التنسيق: | Учебник |
| الطبعة: | 1 |
| سلاسل: | Высшее образование |
| الوصول للمادة أونلاين: | https://znanium.com/catalog/document?id=433361 https://znanium.com/cover/2091/2091910.jpg |
| الوسوم: |
إضافة وسم
لا توجد وسوم, كن أول من يضع وسما على هذه التسجيلة!
|
| LEADER | 03895nam0a2200433 i 4500 | ||
|---|---|---|---|
| 001 | RU\infra-m\znanium\bibl\2091910 | ||
| 003 | https://znanium.com/catalog/document?id=433361 | ||
| 005 | 20230816000000.0 | ||
| 010 | |a 978-5-16-019155-3 | ||
| 010 | |a 978-5-16-111908-2 |b электр. издание | ||
| 100 | |a 20230816d2023 m y0rusy0150 ca | ||
| 101 | 0 | |a rus | |
| 102 | |a RU | ||
| 200 | 1 | |a Технология машиностроения |e Учебник |f Московский политехнический университет |g Московский государственный технологический университет "Станкин" | |
| 205 | |a 1 | ||
| 210 | 1 | |a Москва |c ООО "Научно-издательский центр ИНФРА-М" |d 2024 | |
| 215 | |a 387 с. | ||
| 225 | 1 | |a Высшее образование | |
| 330 | |a В учебнике рассмотрены основные положения и принципы проектирования технологических процессов изготовления деталей и сборки узлов и машин. Освещены вопросы выбора организационной формы сборки технологичности конструкции деталей и сборочных единиц разработки технологических операций нормирования технологических процессов. Изучены типовые технологические процессы изготовления различных групп деталей машин. Соответствует требованиям Федерального государственного образовательного стандарта высшего образования последнего поколения. Для студентов обучающихся по группе специальностей 151001 «Технология машиностроения» а также другим машиностроительным специальностям вузов. | ||
| 333 | |a ВО - Бакалавриат | ||
| 606 | |a Промышленность. Энергетика |x Технология машиностроения |2 local | ||
| 608 | |a Учебник |2 local | ||
| 675 | |a 621(075.8) |z rus | ||
| 686 | |a 34.5я73 |2 rubbk | ||
| 686 | |a 15.03.01 |2 okso | ||
| 686 | |a 15.03.04 |2 okso | ||
| 686 | |a 15.03.05 |2 okso | ||
| 686 | |a 15.04.01 |2 okso | ||
| 686 | |a 15.04.04 |2 okso | ||
| 686 | |a 15.04.05 |2 okso | ||
| 700 | 1 | |a Клепиков |b В.В. |g Виктор Валентинович |p Московский политехнический университет | |
| 701 | 1 | |a Султан-заде |b Н.М. |g Назим Музаффарович | |
| 701 | 1 | |a Солдатов |b В.Ф. |g Валерий Федорович |p Московский политехнический университет | |
| 701 | 1 | |a Преображенская |b Е.В. |g Елена Викторовна |p Московский государственный технологический университет "Станкин" | |
| 701 | 1 | |a Схиртладзе |b А.Г. |g Александр Георгиевич |p Московский государственный технологический университет "Станкин" | |
| 712 | 0 | 2 | |a Московский государственный технологический университет "Станкин" |
| 801 | 0 | |a RU |b Общество с ограниченной ответственностью «ЗНАНИУМ» |c 20230730 |2 rusmarc | |
| 856 | 4 | |a znanium.com |m ebs_support@infra-m.ru |n НИЦ ИНФРА-М |u https://znanium.com/catalog/document?id=433361 | |
| 856 | 4 | 1 | |a znanium.com |d /cover/2091 |f 2091910.jpg |q image/jpeg |u https://znanium.com/cover/2091/2091910.jpg |